|
|
|
|
| LEADER |
01144nam a22002417a 4500 |
| 001 |
AAL8558 |
| 003 |
BD-DhAAL |
| 005 |
20190403165033.0 |
| 008 |
160328s 2011bg ||||| |||| 00| 0 ben d |
| 999 |
|
|
|c 37245
|d 37245
|
| 020 |
|
|
|a 9789845041355
|
| 040 |
|
|
|a BD-DhAAL
|c BD-DhAAL
|
| 082 |
|
|
|a 891.4414
|
| 100 |
|
|
|a ইকবাল, ভূইঁয়া
|9 18839
|
| 245 |
|
|
|a রবীন্দ্রনাথ :
|b তাঁর চিঠি, তাঁকে চিঠি /
|c ভূইঁয়া ইকবাল
|
| 260 |
|
|
|a ঢাকা :
|b মূর্ধণ্য,
|c ২০১১
|
| 300 |
|
|
|a ৮০ পৃ. ;
|c ২১ সে.মি.
|
| 541 |
|
|
|e 8558
|
| 600 |
|
|
|a Tagore, Rabindranath,
|d 1861-1941.
|9 18830
|
| 852 |
|
|
|a Savar Campus Library
|c General Shelf
|
| 942 |
|
|
|2 ddc
|c BK
|
| 952 |
|
|
|0 0
|1 0
|2 ddc
|4 0
|6 891_000000000000000__4414_IQB
|7 0
|9 58541
|a SCL
|b SCL
|c GEN
|d 2016-03-28
|e Gift: BLC, Savar
|g 120.00
|l 0
|o 891.4414 IQB
|p 3020008558
|r 2016-03-28
|t 1
|w 2016-03-28
|y BK
|
| 952 |
|
|
|0 0
|1 0
|2 ddc
|4 0
|6 891_000000000000000__4414_IQB
|7 0
|9 62858
|a SCL
|b SCL
|c GEN
|d 2018-03-12
|e Gift: BLC, Savar
|g 120.00
|l 4
|m 22
|o 891.4414 IQB
|p 3020009590
|r 2025-11-26
|s 2025-05-26
|t 2
|w 2018-03-12
|y BK
|